01002nam a22002537a 4500952014000000999001700140001000500157003001000162005001700172008004100189020001800230040004700248041000800295082001700303245015500320264005700475300001200532336002700544337003300571338002800604653007000632653003900702942000700741 001040708GENaFUSBCbFUSBCd2004-11-26l8m2oG 226 A2841i p2106r2024-09-25 00:00:00s2024-08-09t1w2016-01-26yBKB0C3IINV2023 c33491d334912728CO-MdFUSB20171117111628.0171117t1996 sp ||||| |||| 00| 0 spa d a84-8169-029-5 aCO-MdFUSBbspacCO-MdFUSBdCO-MdFUSBCerda0 aspa04aG 226 A2841i 3aLa investigación de los sinópticos y Hechos de los Apóstoles en el siglo XXc / Rafael Aguirre Monasterio, Antonio Rodríguez Carmona, Editores 4aEstella, Navarra, España : bVerbo Divino,c©1996 a397 Pag 2rdacontentatextobtxt 2rdamediaasin mediaciónbn 2rdacarrieravolumenbnc aBiblia N.T. - Evangelios sinópticos - Hechos de los apóstoles aInterpretación de la Biblia N.T. cBK